Chút sự thật của người nổi tiếng

Gorde:
Xehetasun bibliografikoak
Egile nagusia: Dương, Thúy
Formatua: Liburua
Hizkuntza:Undetermined
Argitaratua: Hà Nội Thanh niên 2010
Gaiak:
Etiketak: Etiketa erantsi
Etiketarik gabe, Izan zaitez lehena erregistro honi etiketa jartzen!
Thư viện lưu trữ: Trung tâm Học liệu Trường Đại học Cần Thơ
LEADER 00599nam a2200205Ia 4500
001 CTU_158607
008 210402s9999 xx 000 0 und d
020 |c 50000 
082 |a 927.0597 
082 |b Th523/T.2 
100 |a Dương, Thúy 
245 0 |a Chút sự thật của người nổi tiếng 
245 0 |c Dương Thúy 
260 |a Hà Nội 
260 |b Thanh niên 
260 |c 2010 
650 |a Celebrities,Người nổi tiếng 
650 |z Vietnam,Việt Nam 
910 |a Nguyên 
980 |a Trung tâm Học liệu Trường Đại học Cần Thơ